000 00439nam a2200157Ia 4500
999 _c1487
_d1487
003 OSt
005 20200923150637.0
008 190216s9999||||xx |||||||||||||| ||und||
040 _coclc
082 _a576
_bMAN/M
100 _aMani, A
_94903
245 0 _aMicrobiology /
_cA Mani ; A M Selvaraj ; L M Narayanan
260 _bSaras Publications,
_c1998.
300 _a505p
942 _cBK
_2ddc
_h576
_iMAN/M
_k576
_mMAN/M